书目信息 |
| 题名: |
快速突破法语词汇9000
|
|
| 作者: | 陈建伟 , 周力 主编 | |
| 分册: | ||
| 出版信息: | 上海 东华大学出版社 2015 |
|
| 页数: | 435页 | |
| 开本: | 21cm | |
| 丛书名: | ||
| 单 册: | ||
| 中图分类: | H323.1 | |
| 科图分类: | ||
| 主题词: | 法语--fa yu--词汇 | |
| 电子资源: | ||
| ISBN: | 978-7-5669-0754-7 | |
| 000 | 00963nam0 22002651 450 | |
| 001 | 1731223103 | |
| 005 | 20170605111841.17 | |
| 010 | @a978-7-5669-0754-7@dCNY29.90 | |
| 100 | @a20150702d2015 em y0chiy50 ea | |
| 101 | 0 | @achi@afre |
| 102 | @aCN@b310000 | |
| 105 | @ay z 000yy | |
| 106 | @ar | |
| 200 | 1 | @a快速突破法语词汇9000@Akuai su tu po fa yu ci hui 9000@dVocabulaire accelere de 9000 most Francais@f陈建伟,周力主编@zfre |
| 205 | @a3版 | |
| 210 | @a上海@c东华大学出版社@d2015 | |
| 215 | @a435页@d21cm | |
| 330 | @a本书选取了大纲规定的2700个基础词汇,还选取了3400个二级词汇和2900个三级词汇,并对每个词汇的主要意思进行了详尽的解释,并配以大量的例句。 | |
| 510 | 1 | @aVocabulaire accelere de 9000 most Francais@zfre |
| 606 | 0 | @a法语@Afa yu@x词汇 |
| 690 | @aH323.1@v5 | |
| 701 | 0 | @a陈建伟@Achen jian wei@c(法语)@4主编 |
| 701 | 0 | @a周力@Azhou li@c(女,法语)@4主编 |
| 801 | 0 | @aCN@bTANG WEI@c20170527 |
| 905 | @b0970208-12@dH323.1@e123=3@f5 | |
| 快速突破法语词汇9000=Vocabulaire accelere de 9000 most Francais/陈建伟,周力主编.-3版.-上海:东华大学出版社,2015 |
| 435页;21cm |
| ISBN 978-7-5669-0754-7:CNY29.90 |
| 本书选取了大纲规定的2700个基础词汇,还选取了3400个二级词汇和2900个三级词汇,并对每个词汇的主要意思进行了详尽的解释,并配以大量的例句。 |
| ● |
| 相关链接 |
|
|
|
|
正题名:快速突破法语词汇9000
索取号:H323.1/123=3
 
预约/预借
| 序号 | 登录号 | 条形码 | 馆藏地/架位号 | 状态 | 备注 |
| 1 | 0970208 | 209702080 | 第二样本阅览室/ [索取号:H323.1/123=3] | 在馆 | |
| 2 | 0970209 | 209702099 | 第四借阅区/ [索取号:H323.1/123=3] | 在馆 | |
| 3 | 0970210 | 209702106 | 第四借阅区/ [索取号:H323.1/123=3] | 在馆 | |
| 4 | 0970211 | 209702115 | 第四借阅区/ [索取号:H323.1/123=3] | 在馆 | |
| 5 | 0970212 | 209702124 | 第四借阅区/ [索取号:H323.1/123=3] | 在馆 |